<?xml version="1.0" encoding="UTF-8"?><?xml-stylesheet type="text/xsl" href="static/style.xsl"?><OAI-PMH xmlns="http://www.openarchives.org/OAI/2.0/" xmlns:xsi="http://www.w3.org/2001/XMLSchema-instance" xsi:schemaLocation="http://www.openarchives.org/OAI/2.0/ http://www.openarchives.org/OAI/2.0/OAI-PMH.xsd"><responseDate>2026-06-01T02:28:35Z</responseDate><request verb="GetRecord" identifier="oai:riuma.uma.es:10630/12501" metadataPrefix="marc">https://riuma.uma.es/rest/oai/request</request><GetRecord><record><header><identifier>oai:riuma.uma.es:10630/12501</identifier><datestamp>2026-02-03T12:23:58Z</datestamp><setSpec>com_10630_2254</setSpec><setSpec>col_10630_37959</setSpec></header><metadata><record xmlns="http://www.loc.gov/MARC21/slim" xmlns:dcterms="http://purl.org/dc/terms/" xmlns:doc="http://www.lyncode.com/xoai" xmlns:xsi="http://www.w3.org/2001/XMLSchema-instance" xsi:schemaLocation="http://www.loc.gov/MARC21/slim http://www.loc.gov/standards/marcxml/schema/MARC21slim.xsd">
   <leader>00925njm 22002777a 4500</leader>
   <datafield ind2=" " ind1=" " tag="042">
      <subfield code="a">dc</subfield>
   </datafield>
   <datafield ind2=" " ind1=" " tag="720">
      <subfield code="a">Almansa-Martínez, Ana María</subfield>
      <subfield code="e">author</subfield>
   </datafield>
   <datafield ind2=" " ind1=" " tag="720">
      <subfield code="a">Cabrera Cabrera, Mª Ángeles</subfield>
      <subfield code="e">author</subfield>
   </datafield>
   <datafield ind2=" " ind1=" " tag="260">
      <subfield code="c">2016-12-01</subfield>
   </datafield>
   <datafield ind2=" " ind1=" " tag="520">
      <subfield code="a">Ante el auge de las Relaciones Públicas, especialmente en las últimas décadas, cualquier organización que se precie ha incorporado en su estructuras organizativa un nuevo perfil: el director de de las relaciones con los públicos de la organización, denominado en la mayoría de las organizaciones director de comunicación. Éste se perfila cada día más como un profesional necesario en las organizaciones que quieran seguir existiendo, dada las necesidades de comunicación de la organización y de sus públicos, situación que se multiplica ante coyunturas adversas como la que actualmente atraviesa España.&#xd;
A partir del análisis de una encuesta, entrevistas en profundidad, un Delphi y Observación no participante, esta comunicación muestra cuál es el perfil profesional del director de comunicación en las empresas españolas, determinando su posición dentro de la empresa, identificando sus competencias y la capacidad decisoria del mismo, así como valorando su función estratégica. El estudio nos sitúa ante el presente y el futuro del director de comunicación.</subfield>
   </datafield>
   <datafield ind1="8" ind2=" " tag="024">
      <subfield code="a">http://hdl.handle.net/10630/12501</subfield>
   </datafield>
   <datafield ind1="8" ind2=" " tag="024">
      <subfield code="a">http://orcid.org/orcid.org/0000-0003-0256-6369</subfield>
   </datafield>
   <datafield tag="653" ind2=" " ind1=" ">
      <subfield code="a">Comunicación en la empresa</subfield>
   </datafield>
   <datafield tag="653" ind2=" " ind1=" ">
      <subfield code="a">Relaciones públicas</subfield>
   </datafield>
   <datafield ind2="0" ind1="0" tag="245">
      <subfield code="a">La molécula conductual de relaciones públicas en la dirección de comunicación empresarial en España</subfield>
   </datafield>
</record>
</metadata></record></GetRecord></OAI-PMH>